Human rights : (Record no. 123093)

MARC details
000 -LEADER
fixed length control field 00735nam a22002417a 4500
005 - DATE AND TIME OF LATEST TRANSACTION
control field 20170124105920.0
010 ## - LIBRARY OF CONGRESS CONTROL NUMBER
LC control number B-82198
020 ## - INTERNATIONAL STANDARD BOOK NUMBER
International Standard Book Number 8180960080
Terms of availability 300.00
035 ## - SYSTEM CONTROL NUMBER
System control number B-82198
037 ## - SOURCE OF ACQUISITION
Source of stock number/acquisition Cen Lib/Ret
040 ## - CATALOGING SOURCE
Original cataloging agency DPL
Language of cataloging EN
082 ## - DEWEY DECIMAL CLASSIFICATION NUMBER
Classification number 361.614
Item number JHA
100 ## - MAIN ENTRY--PERSONAL NAME
Personal name Jha,Manish K.
9 (RLIN) 4095
245 ## - TITLE STATEMENT
Title Human rights :
Statement of responsibility, etc by Manish K.Jha
Remainder of title agencies and agenda /
260 ## - PUBLICATION, DISTRIBUTION, ETC. (IMPRINT)
Place of publication, distribution, etc New Delhi
Name of publisher, distributor, etc Saloni Publishing House
Date of publication, distribution, etc 2003
270 ## - ADDRESS
Address 4675/21,Ansari Road,Dariya Ganj
City New Delhi
Postal code 110002
300 ## - PHYSICAL DESCRIPTION
Extent ix,139p.
Dimensions 22cm(Hb)
500 ## - GENERAL NOTE
General note Includes appendix
650 ## - SUBJECT ADDED ENTRY--TOPICAL TERM
Topical term or geographic name as entry element Human Rights -- Movements
9 (RLIN) 4096
650 ## - SUBJECT ADDED ENTRY--TOPICAL TERM
Topical term or geographic name as entry element Human Rights -- Organisations
9 (RLIN) 4097
700 ## - ADDED ENTRY--PERSONAL NAME
Personal name
9 (RLIN) 73046
942 ## - ADDED ENTRY ELEMENTS (KOHA)
Source of classification or shelving scheme Dewey Decimal Classification
Koha item type English Books
Classification part 361.614
Call number suffix JHA
Holdings
Withdrawn status Lost status Damaged status Not for loan Home library Current library Date acquired Source of acquisition Cost, normal purchase price Total Checkouts Full call number Barcode Date last seen Date checked out Copy number Cost, replacement price Price effective from Koha item type
        Central Library Central Library 02/06/2015 Cen Lib/Ret 300.00 1 361.614 JHA B-82198 23/09/2019 18/09/2019 1 300.00 02/06/2015 English Books

© Delhi Public Library
Hit Counter
free hit counter